| 000 | 00824cab a2200217 4500 | ||
|---|---|---|---|
| 001 | ABS45694 | ||
| 008 | 090401t1992 xxu||||| |||| 00| 0 eng d | ||
| 035 | _a(Sirsi) u54565 | ||
| 041 | _aeng | ||
| 100 | _aDickinson, M. | ||
| 245 | _aBuilding regs revised documents approved | ||
| 260 | _c1992 | ||
| 350 | _a0 | ||
| 490 |
_aArchitects` Journal _v195(4) 29 January 1992, 38-41(4) |
||
| 520 | _aAssesses, part by part, the main changes in the revised Building Regulations and Approved Documents, due to come into force in June 1992. Coverage includes structure, fire safety, damp proofing, sound proofing, disabled access, glazing and materials. | ||
| 650 | _aAPPROVED DOCUMENTS 1992 | ||
| 650 | _aBUILDING REGULATIONS 1991 | ||
| 690 | _aBUILDING AND CONSTRUCTION-REGULATIONS | ||
| 942 | _n0 | ||
| 948 | _c04/03/1997 | ||
| 999 |
_c33448 _d33448 |
||